00873nam a2200193Ia 4500100003100000942000700031654001300038245006400051260002200115082001800137300000900155546001200164999001700176952009500193952009500288952009500383952010600478952009500584 aMoseley/L.E./ Boodey/D.M.  cBK aComputer aMastering Microsoft office professional for Windows 95 bnoneaDelhic1996 a5.43bmos/boo a1083 aENGLISH c29931d29931 001040708CRCaCRCEbCRCEd2023-03-17l0o5.43 mos/boop8789r2023-03-17w2023-03-17yBK 001040708CRCaCRCEbCRCEd2023-03-17l0o5.43 mos/boop8790r2023-03-17w2023-03-17yBK 001040708CRCaCRCEbCRCEd2023-03-17l0o5.43 mos/boop8791r2023-03-17w2023-03-17yBK 001040708CRCaCRCEbCRCEc1514 | 38d2023-03-17l0o5.43 mos/boop8849r2023-03-17w2023-03-17yBK 001040708CRCaCRCEbCRCEd2023-03-17l0o5.43 MOS/BOOp9279r2023-03-17w2023-03-17yBK